000 01282nam0a22002771 4500
001 rc\305133
005 20030307121908.9
035 _a(NLR Aleph) 005540715
090 _a5707334
_c5707334
100 _a20030307d1990 u |0rusy50 ca
101 0 _arus
102 _aRU
105 _ay |||||||||
200 1 _aЭндоскопические методы диагностики и лечения острого панкреатита
_eУчеб. пособие
_fВ.Н. Сотников, Т.К. Дубинская, А.В. Сотников
_gМ-во здравоохранения СССР, Центр. ин-т усоверш. врачей
210 _aМ.
_cЦОЛИУВ
_d1990
215 _a29 с.
_d20
300 _aНа обороте тит. л. авт.: д. м. н., проф. Сотников В.Н., к. м. н. Дубинская Т.К, Сотников А.В.
320 _aБиблиогр.: с. 28-29
700 1 _aСотников
_bВ. Н.
_gВениамин Николаевич
701 1 _aДубинская
_bТ. К.
_gТатьяна Константиновна
701 1 _aСотников
_bА. В.
_gАлексей Вениаминович
801 0 _aRU
_bNLR
_gpsbo
801 1 _aRU
_bELAR
_2rusmarc
852 _aNLR
_j90-4/17119
942 _cBOOK
980 _aNB